000 00652nam a22002177a 4500
003 OSt
005 20150401125952.0
008 150401b xxu||||| |||| 00| 0 eng d
020 _a0412819503
040 _cDNLM
082 _aWO 700 E32p 1998
245 _aEmergency Abdominal surgery /
_cEdited by Peter F. Jones, [et...al]
250 _a3rd ed.
260 _aLondon :
_bChapman & Hall Medical;
_c1998.
300 _axxii, 555 p :
_bill;
_c27 cm.
504 _aIncludes bibliographical references and index.
650 _aAbdominal surgery
_93510
700 _4Editor
_aJones Peter F.
_93511
700 _4editor
_a[et...al]
_9867
942 _2z
_cSLOAN
999 _c1322
_d1322